| 000 | 00679nam a22002417a 4500 | ||
|---|---|---|---|
| 008 | 131110b xxu||||| |||| 00| 0 eng d | ||
| 020 | _a81-7099-378-4 | ||
| 024 | _cAvailable | ||
| 037 | _cAvailable | ||
| 040 |
_aMBSTU LIBRARY _dMBSTU LIBRARY |
||
| 082 |
_222 _a577 SWE |
||
| 100 | _aSwarup, R. | ||
| 245 | _aFassil fuel and the environment. | ||
| 260 |
_aNew Delhi _bMillat Pub. _c1992 |
||
| 300 |
_a22 cm. _b320 page _f1 _g22 cm. |
||
| 600 | _2Ecology. | ||
| 650 | _2.Ecology. | ||
| 700 | _aSwarup, R. | ||
| 270 |
_aNew Delhi _bNew Delhi _dIndia |
||
| 365 |
_b540.00 _d540.00 |
||
| 942 |
_2ddc _cBK |
||
| 999 |
_c813 _d813 |
||